Pensar la prevención: formación y capacitación en prevención al abuso de las drogas

-д хадгалсан:
Номзүйн дэлгэрэнгүй
Байгууллагын зохиогч: Federación Internacional de Universidades Católicas (Зохиогч)
Формат: Ном
Хэл сонгох:испани
Хэвлэсэн: París Grupo Internacional en Toxicomanía 1996
Нөхцлүүд:
Шошгууд: Шошго нэмэх
Шошго байхгүй, Энэхүү баримтыг шошголох эхний хүн болох!

MARC

LEADER 00000nam a2200000 a 4500
001 UCN4432
003 CL-VaPUC
005 20240930160404.0
008 010803e19960100fr 1 spa d
082 0 4 |a 362.29  |b FED  |2 21 
110 2 |a Federación Internacional de Universidades Católicas  |e author  |9 619947 
245 1 0 |a Pensar la prevención: formación y capacitación en prevención al abuso de las drogas 
260 |a París  |b Grupo Internacional en Toxicomanía  |c 1996 
300 |a 121 p 
583 |a last modification  |c 20010803 00:00:00  |k Rodrigo Vera 
650 0 0 |a Problemas sociales  |9 258537 
650 0 7 |a PREVENCION DE DROGAS  |2 CL-VaPUC  |9 419242 
650 0 0 |a Drogadicción  |9 331967 
650 0 7 |a TOXICOMANIA  |2 CL-VaPUC  |9 307600 
942 |c BK 
945 |a cmena  |d 20010803 00:00:00 
546 |a En Español 
518 |p Sesiones Formativas y de Capacitación en Prevención al Abuso de las Drogas, Valparaíso, 8 al 12 de Noviembre de 1993 
999 |c 383680  |d 383678 
952 |0 0  |1 0  |4 0  |6 362_290000000000000_FED_1996  |7 0  |8 A  |9 505889  |a BIBEDU  |b BIBEDU  |c ES_NOD  |d 2020-01-23  |i 3739880  |o 362.29 FED 1996  |p 3739880  |r 2023-08-09  |w 2020-01-23  |y BK  |k BME